[Event "Norm Congress-GM 2019"]
[Site "Saint Louis"]
[Date "2019.05.17"]
[Round "2.4"]
[White "Boros, Denes"]
[Black "Shtembuliak, Evgeny"]
[Result "1/2-1/2"]
[WhiteElo "2439"]
[BlackElo "2516"]
[Annotator "RC"]
[PlyCount "33"]
[EventDate "2019.05.16"]
[EventType "tourn"]
[EventCountry "USA"]
[SourceTitle "playchess.com"]
[Source "ChessBase"]
[SourceQuality "1"]
[TimeControl "5400+30"]

1. e4 {[%emt 0:00:00]} e6 {[%emt 0:00:33]} 2. d4 {[%emt 0:00:00]} d5 {[%emt 0:00:05]} 3. e5 {[%emt 0:00:00]} c5 {[%emt 0:00:06]} 4. c3 {[%emt 0:00:00]} Nc6 {[%emt 0:00:06]} 5. Nf3 {[%emt 0:00:01]} Bd7 {[%emt 0:00:20]} 6. Be2 {[%emt 0:00:13]} Nge7 {[%emt 0:00:58]} 7. O-O {[%emt 0:00:54]} Ng6 {[%emt 0:01:08]} 8. g3 {[%emt 0:00:41]} Be7 {[%emt 0:02:04]} 9. h4 {[%emt 0:00:53]} cxd4 {[%emt 0:00:33]} 10. cxd4 {[%emt 0:00:18]} O-O {[%emt 0:00:05]} 11. h5 {[%emt 0:01:19]} Nh8 {[%emt 0:00:15]} 12. h6 {[%emt 0:03:40]} g6 {[%emt 0:00:23]} 13. Nc3 {[%emt 0:00:05]} f6 {[%emt 0:00:11]} 14. exf6 {[%emt 0:01:04]} Bxf6 {[%emt 0:00:06]} 15. Bf4 {[%emt 0:00:06]} Nf7 {[%emt 0:00:52]} 16. Qd2 {[%emt 0:00:16]} Kh8 {[%emt 0:14:29]} 17. Kg2 {[%emt 0:03:39]} 1/2-1/2

[Event "Norm Congress-GM 2019"]
[Site "Saint Louis"]
[Date "2019.05.17"]
[Round "2.5"]
[White "Ali Marandi, Cemil Can"]
[Black "Wang, Justin"]
[Result "1/2-1/2"]
[WhiteElo "2531"]
[BlackElo "2434"]
[Annotator "TA"]
[PlyCount "64"]
[EventDate "2019.05.16"]
[EventType "tourn"]
[EventCountry "USA"]
[SourceTitle "playchess.com"]
[Source "ChessBase"]
[SourceQuality "1"]

{[%evp 14,64,14,9,27,1,12,0,6,0,0,0,0,-20,-12,-17,-23,-11,14,-17,0,-9,-21,-105,-53,-50,-41,-47,-52,-40,-30,-35,0,0,0,0,0,-26,-26,-26,-26,-27,0,0,0,0,0,0,0,0,0,0,0]} 1. Nf3 Nf6 2. g3 d5 3. Bg2 c6 4. O-O Bg4 5. d4 Nbd7 6. Nbd2 e6 7. Re1 Be7 8. e4 h6 {D02: 1 d4 d5 2 Nf3 sidelines, including 2...Nf6 3 g3 and 2...Nf6 3 Bf4} (8... O-O 9. c3 dxe4 10. Nxe4 Nxe4 11. Rxe4 Bxf3 12. Qxf3 Bg5 13. h4 Bxc1 14. Rxc1 Nf6 15. Re5 Nd7 16. Re3 Qa5 17. a3 Qb5 18. Rc2 a5 19. c4 {1-0 (43) Artemiev,V (2709)-Navara,D (2736) Skopje 2018}) 9. c3 O-O 10. e5 Nh7 11. h3 Bh5 12. g4 Bg6 13. Nf1 c5 14. Ng3 Rc8 15. Be3 Nb6 16. b3 $146 ({Predecessor:} 16. dxc5 Nc4 17. b4 {0-1 (56) Bartholomew,J (2453)-Ringoir,T (2518) Charlotte 2017}) 16... Nd7 17. Rc1 cxd4 18. Bxd4 (18. cxd4 $11 Rb8 19. a4) 18... Nc5 (18... Ba3 $17 19. h4 Bxc1 20. Qxc1 Bd3) 19. Bf1 Ng5 20. Nxg5 Bxg5 21. Be3 Bh4 22. c4 Ne4 (22... Bxg3 {is more complex.} 23. fxg3 Ne4 24. cxd5 Rxc1 25. Qxc1 exd5 26. Bxa7 Nxg3 27. Qe3 Nxf1 28. Rxf1 Qd7) 23. Nxe4 Bxe4 24. cxd5 Bxd5 25. Bg2 Rxc1 26. Bxc1 Qa5 27. Qd2 Qc5 28. Qe3 {The position is equal.} Qc6 29. Bxd5 Qxd5 30. Qe4 Rd8 {[#] aiming for ...Qxe4.} 31. Qxd5 Rxd5 32. Kg2 Kh7 {Accuracy: White = 50%, Black = 48%.} 1/2-1/2

[Event "Norm Congress-GM 2019"]
[Site "Saint Louis"]
[Date "2019.05.17"]
[Round "3.1"]
[White "Wang, Justin"]
[Black "Korley, Kassa"]
[Result "1-0"]
[WhiteElo "2434"]
[BlackElo "2468"]
[Annotator "TA"]
[PlyCount "87"]
[EventDate "2019.05.16"]
[EventType "tourn"]
[EventCountry "USA"]
[SourceTitle "playchess.com"]
[Source "ChessBase"]
[SourceQuality "1"]

{[%evp 9,87,31,36,36,36,16,43,37,45,28,47,41,42,42,49,43,43,45,57,57,50,47,54,37,97,86,95,95,95,93,85,93,83,92,98,108,123,134,137,122,127,135,150,147,152,155,191,193,193,181,193,158,295,292,285,293,403,385,450,457,443,433,434,433,437,431,420,428,420,423,482,479,533,525,629,627,566,565,29980,29980]} 1. e4 c6 2. d4 d5 3. e5 Bf5 4. Nf3 e6 5. Be2 Ne7 6. c3 {B12: Caro-Kann: Advance Variation} Nc8 (6... h6 7. a4 Nd7 8. Na3 a6 9. Nc2 c5 10. dxc5 Nxc5 11. Ncd4 Bh7 12. O-O Ng6 13. c4 Be7 {½-½ (44) Robson,R (2667)-Eljanov,P (2680) chess.com INT 2019}) 7. Nbd2 {[%cal Bb1d2,Bd2f1,Bf1g3,Bg3h5][%mdl 32]} Nd7 $146 ({Predecessor:} 7... c5 8. a3 Nc6 9. Nf1 Be7 10. Ng3 Bg6 11. O-O Nb6 12. Be3 cxd4 13. cxd4 {½-½ (46) Bielstein,B (1698)-Ter Stal,E (1482) Verden 2015}) 8. Nf1 {White is slightly better.} Bg6 9. Ng3 Be7 10. h4 h6 11. Bd3 Bxd3 12. Qxd3 c5 13. Nh5 $36 {[%mdl 2048] White has good play.} Bf8 14. O-O c4 15. Qc2 Ne7 16. Ng3 g6 (16... b5 $14) 17. h5 $16 Rg8 18. Be3 Qc7 19. hxg6 Nxg6 20. Nh5 O-O-O 21. g3 Be7 22. Kg2 f6 23. exf6 ({Stronger than} 23. Bxh6 fxe5 24. Ng5 Bxg5 $17) 23... Nxf6 24. Nxf6 Bxf6 {[#]} 25. Rh1 $1 ({Weaker is} 25. Bxh6 Nh4+ 26. Nxh4 Bxh4 $17) 25... Ne7 26. Qd2 (26. Rxh6 Nf5 $15) 26... Nf5 {[%cal Rg8g3] aiming for ...Rxg3+!} 27. Bf4 Qb6 28. Rae1 Rg6 29. Rh5 {Rxf5! is the strong threat.} Rdg8 30. Qe2 Bg5 (30... Bd8 $16 {might work better.} 31. Ne5 R6g7) 31. Nxg5 $18 hxg5 32. Be5 Ne7 33. Rh7 Nc6 34. Qf3 Nxe5 35. Rxe5 Kb8 36. Qf7 {Hoping for Rxe6!} a6 {[#]} 37. Rxe6 $1 {[%mdl 576] Deflection, Decoy} Rxe6 (37... Qxe6 38. Qxb7#) 38. Qxg8+ {[%mdl 4160] Endgame Double Attack. KQR-KQR} Ka7 39. Qxg5 Re2 40. Qxd5 Rxb2 41. Qxc4 Qf6 42. Qc5+ Ka8 43. d5 Qe5 {White must now prevent ...Qe4+.} 44. Re7 {Accuracy: White = 89%, Black = 38%.} 1-0

[Event "Norm Congress-GM 2019"]
[Site "Saint Louis"]
[Date "2019.05.17"]
[Round "3.2"]
[White "Shtembuliak, Evgeny"]
[Black "Ali Marandi, Cemil Can"]
[Result "1/2-1/2"]
[WhiteElo "2516"]
[BlackElo "2531"]
[Annotator "ChessBase"]
[PlyCount "21"]
[EventDate "2019.05.16"]
[EventType "tourn"]
[EventCountry "USA"]
[SourceTitle "playchess.com"]
[Source "ChessBase"]
[SourceQuality "1"]
[TimeControl "5400+30"]

1. c4 {[%emt 0:01:36]} c5 {[%emt 0:00:55]} 2. Nf3 {[%emt 0:02:47]} Nf6 {[%emt 0:02:06]} 3. Nc3 {[%emt 0:01:16]} d5 {[%emt 0:02:15]} 4. cxd5 {[%emt 0:00:08]} Nxd5 {[%emt 0:00:08]} 5. e4 {[%emt 0:04:54]} Nb4 {[%emt 0:04:15]} 6. Bc4 {[%emt 0:00:43]} Nd3+ {[%emt 0:00:09]} 7. Ke2 {[%emt 0:00:08]} Nf4+ {[%emt 0:00:05]} 8. Kf1 {[%emt 0:00:05]} Nd3 {[%emt 0:03:46]} 9. Ke2 {[%emt 0:04:02]} Nf4+ {[%emt 0:00:24]} 10. Kf1 {[%emt 0:00:06]} Nd3 {[%emt 0:00:05]} 11. Ke2 {[%emt 0:00:19]} 1/2-1/2

[Event "Norm Congress-GM 2019"]
[Site "Saint Louis"]
[Date "2019.05.17"]
[Round "3.3"]
[White "Escalante Ramirez, Brian Sebasti"]
[Black "Boros, Denes"]
[Result "1/2-1/2"]
[WhiteElo "2452"]
[BlackElo "2439"]
[Annotator "ChessBase"]
[PlyCount "105"]
[EventDate "2019.05.16"]
[EventType "tourn"]
[EventCountry "USA"]
[SourceTitle "playchess.com"]
[Source "ChessBase"]
[SourceQuality "1"]
[TimeControl "5400+30"]

1. e4 {[%emt 0:00:00]} Nc6 {[%emt 0:00:00]} 2. Nf3 {[%emt 0:00:02]} d6 {[%emt 0:00:00]} 3. d4 {[%emt 0:01:51]} Nf6 {[%emt 0:00:56]} 4. d5 {[%emt 0:00:14]} Nb8 {[%emt 0:00:11]} 5. Bd3 {[%emt 0:00:02]} Bg4 {[%emt 0:00:50]} 6. c4 {[%emt 0:03:11]} Nbd7 {[%emt 0:02:22]} 7. Nc3 {[%emt 0:00:02]} g6 {[%emt 0:00:36]} 8. Be3 {[%emt 0:01:35]} Bg7 {[%emt 0:00:56]} 9. Qd2 {[%emt 0:00:32]} Bxf3 {[%emt 0:03:47]} 10. gxf3 {[%emt 0:02:23]} c6 {[%emt 0:01:00]} 11. O-O-O {[%emt 0:00:59]} Qa5 {[%emt 0:11:28]} 12. Kb1 {[%emt 0:00:54]} Qb4 {[%emt 0:11:26]} 13. a3 {[%emt 0:02:12]} Qb3 {[%emt 0:07:25]} 14. Qc2 {[%emt 0:08:30]} Qxc2+ {[%emt 0:00:51]} 15. Kxc2 {[%emt 0:00:03]} cxd5 {[%emt 0:05:53]} 16. cxd5 {[%emt 0:00:47]} O-O {[%emt 0:00:41]} 17. Rc1 {[%emt 0:02:07]} Rfc8 {[%emt 0:01:00]} 18. Kb1 {[%emt 0:03:22]} Nc5 {[%emt 0:03:06]} 19. Rhd1 {[%emt 0:12:10]} Nxd3 {[%emt 0:04:08]} 20. Rxd3 {[%emt 0:00:02]} Nd7 {[%emt 0:00:06]} 21. Ne2 {[%emt 0:00:36]} Rxc1+ {[%emt 0:02:04]} 22. Bxc1 {[%emt 0:00:10]} Nc5 {[%emt 0:01:05]} 23. Rd1 {[%emt 0:01:22]} a5 {[%emt 0:08:15]} 24. Be3 {[%emt 0:00:19]} Na4 {[%emt 0:09:19]} 25. b3 {[%emt 0:00:14]} Nc5 {[%emt 0:00:11]} 26. Rc1 {[%emt 0:15:00]} b6 {[%emt 0:05:33]} 27. Ka2 {[%emt 0:01:19]} Kf8 {[%emt 0:03:20]} 28. Nd4 {[%emt 0:21:22]} Ke8 {[%emt 0:00:37]} 29. Nb5 {[%emt 0:01:55]} Kd7 {[%emt 0:00:10]} 30. a4 {[%emt 0:05:32]} f5 {[%emt 0:03:29]} 31. exf5 {[%emt 0:04:32]} gxf5 {[%emt 0:00:02]} 32. Rg1 {[%emt 0:02:41]} Bf6 {[%emt 0:00:11]} 33. Bd4 {[%emt 0:00:07]} Rf8 {[%emt 0:00:39]} 34. Rg3 {[%emt 0:01:14]} f4 {[%emt 0:02:39]} 35. Rh3 {[%emt 0:00:38]} Bxd4 {[%emt 0:01:25]} 36. Nxd4 {[%emt 0:00:01]} Rf7 {[%emt 0:00:21]} 37. Kb2 {[%emt 0:02:32]} e6 {[%emt 0:02:58]} 38. dxe6+ {[%emt 0:00:34]} Nxe6 {[%emt 0:00:02]} 39. Kc3 {[%emt 0:01:23]} Nxd4 {[%emt 0:02:35]} 40. Kxd4 {[%emt 0:00:01]} Kc6 {[%emt 0:00:10]} 41. Rh6 {[%emt 0:01:31]} Re7 {[%emt 0:02:08]} 42. h4 {[%emt 0:00:02]} Re2 {[%emt 0:02:24]} 43. Rxh7 {[%emt 0:00:01]} Rb2 {[%emt 0:01:16]} 44. Rf7 {[%emt 0:04:20]} Rxb3 {[%emt 0:00:02]} 45. Rxf4 {[%emt 0:00:05]} b5 {[%emt 0:01:06]} 46. axb5+ {[%emt 0:00:08]} Rxb5 {[%emt 0:00:07]} 47. Kc3 {[%emt 0:00:22]} Kd7 {[%emt 0:00:41]} 48. Rg4 {[%emt 0:01:29]} Rf5 {[%emt 0:01:07]} 49. f4 {[%emt 0:01:40]} Ke7 {[%emt 0:01:51]} 50. Kb3 {[%emt 0:01:12]} Kf6 {[%emt 0:00:36]} 51. Ka4 {[%emt 0:00:46]} Rd5 {[%emt 0:00:58]} 52. Rg5 {[%emt 0:00:21]} Rd4+ {[%emt 0:00:14]} 53. Kxa5 {[%emt 0:00:09]} 1/2-1/2

[Event "Norm Congress-GM 2019"]
[Site "Saint Louis"]
[Date "2019.05.17"]
[Round "3.4"]
[White "Banawa, Joel"]
[Black "Jacobson, Brandon"]
[Result "1/2-1/2"]
[WhiteElo "2396"]
[BlackElo "2503"]
[Annotator "RC"]
[PlyCount "61"]
[EventDate "2019.05.16"]
[EventType "tourn"]
[EventCountry "USA"]
[SourceTitle "playchess.com"]
[Source "ChessBase"]
[SourceQuality "1"]
[TimeControl "5400+30"]

1. e4 {[%emt 0:00:00]} c5 {[%emt 0:03:16]} 2. Nc3 {[%emt 0:00:00]} d6 {[%emt 0:00:23]} 3. f4 {[%emt 0:00:00]} Nc6 {[%emt 0:05:56]} 4. Nf3 {[%emt 0:00:04]} g6 {[%emt 0:00:05]} 5. Bc4 {[%emt 0:00:09]} Bg7 {[%emt 0:00:06]} 6. O-O {[%emt 0:00:04]} e6 {[%emt 0:00:03]} 7. d4 {[%emt 0:00:03]} cxd4 {[%emt 0:01:37]} 8. Nb5 {[%emt 0:00:06]} Nge7 9. Bb3 {[%emt 0:00:13]} a6 {[%emt 0:13:55]} 10. Nbxd4 {[%emt 0:00:26]} Nxd4 {[%emt 0:00:10]} 11. Nxd4 {[%emt 0:00:06]} O-O {[%emt 0:00:10]} 12. c3 {[%emt 0:07:42]} b5 {[%emt 0:08:08]} 13. a3 {[%emt 0:09:52]} Qc7 {[%emt 0:25:02]} 14. Qe1 {[%emt 0:06:34]} Bd7 {[%emt 0:10:57]} 15. Kh1 {[%emt 0:06:50]} Rae8 {[%emt 0:02:44]} 16. Qh4 {[%emt 0:03:39]} Nc6 {[%emt 0:02:09]} 17. Nf3 {[%emt 0:00:10]} Qd8 {[%emt 0:03:47]} 18. Qg3 {[%emt 0:18:39]} Kh8 {[%emt 0:00:02]} 19. Rd1 {[%emt 0:00:47]} Qe7 {[%emt 0:01:19]} 20. e5 {[%emt 0:04:15]} d5 {[%emt 0:02:26]} 21. Be3 {[%emt 0:10:57]} f6 {[%emt 0:00:23]} 22. exf6 {[%emt 0:01:16]} Bxf6 {[%emt 0:00:03]} 23. Re1 {[%emt 0:06:39]} Qg7 {[%emt 0:02:42]} 24. Rad1 {[%emt 0:00:19]} Rf7 {[%emt 0:03:09]} 25. Bc5 {[%emt 0:02:50]} Na5 {[%emt 0:09:25]} 26. Ba2 {[%emt 0:00:16]} Nb7 {[%emt 0:00:45]} 27. Bd4 {[%emt 0:05:05]} Bxd4 {[%emt 0:00:02]} 28. Rxd4 {[%emt 0:00:06]} Nd6 {[%emt 0:00:02]} 29. Bb1 {[%emt 0:00:05]} Rff8 {[%emt 0:00:55]} 30. Ne5 {[%emt 0:04:52]} Nc4 {[%emt 0:00:03]} 31. Nd3 {[%emt 0:06:31]} 1/2-1/2

[Event "Norm Congress-GM 2019"]
[Site "Saint Louis"]
[Date "2019.05.17"]
[Round "3.5"]
[White "Abrahamyan, Tatev"]
[Black "Hong, Andrew"]
[Result "1-0"]
[WhiteElo "2373"]
[BlackElo "2414"]
[Annotator "TA"]
[PlyCount "65"]
[EventDate "2019.05.16"]
[EventType "tourn"]
[EventCountry "USA"]
[SourceTitle "playchess.com"]
[Source "ChessBase"]
[SourceQuality "1"]

{[%evp 27,97,49,39,34,37,8,20,10,43,43,50,57,66,73,90,82,122,90,137,118,104,133,199,185,194,227,200,80,79,88,379,247,274,242,266,75,79,85,89,48,63,61,4862,3530,2091,2128,5239,5239,5239,5231,5277,2511,3062,2185,1213,967,975,946,29956,4994,29981,29981,29988,29989,29989,29979,29978,29979,29984,29985,29985,29986]} 1. e4 c5 2. Nf3 Nc6 3. d4 cxd4 4. Nxd4 Nf6 5. Nc3 e5 6. Ndb5 d6 7. Bg5 a6 8. Na3 b5 9. Bxf6 gxf6 10. Nd5 f5 11. Bd3 Be6 12. O-O Bxd5 13. exd5 Ne7 14. c3 Bg7 15. Nc2 {B33: Sicilian: Pelikan and Sveshnikov Variations} O-O 16. Re1 Qd7 (16... Re8 17. Qh5 e4 18. Bf1 Nxd5 19. Qxf5 Re5 20. Qh3 Qb6 21. Rad1 Rae8 22. Rxe4 Rxe4 23. Rxd5 {½-½ (41) Topalov,V (2749)-Mamedov,R (2704) Shamkir 2018}) 17. Bf1 {The position is equal.} f4 18. a4 bxa4 19. Na3 $146 ({Predecessor:} 19. Nb4 Qb7 20. Bc4 a5 21. Nc6 Nxc6 22. dxc6 Qxb2 23. Qxa4 {1-0 (31) Petraitis,G (2500)-Bost,A (2453) ICCF email 2002}) 19... f5 20. Nc4 {Threatens to win with Nb6.} Qd8 21. Rxa4 Ng6 22. Qa1 Nh4 23. Rxa6 Rxa6 24. Qxa6 Qg5 (24... Rf6 $16 25. Ra1 Rg6) 25. Kh1 $1 $18 Rf6 {intending ...Bf8.} 26. Qc8+ Bf8 27. Nb6 (27. Qd8 $18 {and White stays clearly on top.}) 27... f3 $16 {[%cal Rf3g2]} 28. g3 Rh6 $2 {[%mdl 8192]} (28... Ng6 $16 {was necessary.}) 29. Ra1 Ng6 30. Qe6+ $1 Kg7 {...Ne7 is the strong threat.} 31. Nd7 $2 (31. Qd7+ $18 {has better winning chances.} Ne7 32. Nc8) 31... Be7 32. Ra8 $36 {[%csl Ga8][%cal Re6g8][%mdl 2048] White is on the roll.} Bd8 {( -> ...Qc1!)} 33. Nf6 {Played: Nd7-c5} 1-0

[Event "Norm Congress-GM 2019"]
[Site "Saint Louis"]
[Date "2019.05.18"]
[Round "4.1"]
[White "Korley, Kassa"]
[Black "Hong, Andrew"]
[Result "0-1"]
[WhiteElo "2468"]
[BlackElo "2414"]
[Annotator "RC"]
[PlyCount "118"]
[EventDate "2019.05.16"]
[EventType "tourn"]
[EventCountry "USA"]
[SourceTitle "playchess.com"]
[Source "ChessBase"]
[SourceQuality "1"]
[TimeControl "5400+30"]

1. Nf3 {[%emt 0:00:00]} d5 {[%emt 0:00:00]} 2. g3 {[%emt 0:00:00]} g6 {[%emt 0:00:27]} 3. Bg2 {[%emt 0:00:13]} Bg7 {[%emt 0:00:09]} 4. d4 {[%emt 0:00:07]} Nf6 {[%emt 0:00:29]} 5. O-O {[%emt 0:00:11]} O-O {[%emt 0:00:18]} 6. c3 {[%emt 0:00:13]} a5 {[%emt 0:02:57]} 7. a4 {[%emt 0:00:11]} Nbd7 {[%emt 0:03:30]} 8. Na3 {[%emt 0:05:19]} Re8 {[%emt 0:02:15]} 9. c4 {[%emt 0:00:29]} c6 {[%emt 0:02:34]} 10. cxd5 {[%emt 0:01:10]} Nxd5 {[%emt 0:01:11]} 11. e4 {[%emt 0:11:49]} Nb4 {[%emt 0:01:46]} 12. Bf4 {[%emt 0:03:30]} Nb6 {[%emt 0:08:05]} 13. h3 {[%emt 0:06:28]} Be6 {[%emt 0:07:03]} 14. b3 {[%emt 0:06:20]} Qd7 {[%emt 0:18:00]} 15. Kh2 {[%emt 0:00:22]} Rad8 {[%emt 0:03:37]} 16. Rb1 {[%emt 0:05:41]} Bxd4 {[%emt 0:09:19]} 17. Nxd4 Qxd4 18. Qxd4 {[%emt 0:05:00]} Rxd4 {[%emt 0:00:36]} 19. Be3 {[%emt 0:02:47]} Red8 {[%emt 0:14:57]} 20. Bf3 {[%emt 0:04:55]} c5 {[%emt 0:00:30]} 21. Rfc1 {[%emt 0:05:51]} Nd7 22. Bxd4 {[%emt 0:10:02]} cxd4 {[%emt 0:06:59]} 23. Bg4 {[%emt 0:02:53]} f5 {[%emt 0:02:29]} 24. exf5 {[%emt 0:00:08]} gxf5 {[%emt 0:00:14]} 25. Bf3 {[%emt 0:02:36]} b6 {[%emt 0:02:12]} 26. Rc7 {[%emt 0:01:26]} Kf7 {[%emt 0:02:45]} 27. Rb7 {[%emt 0:02:24]} d3 {[%emt 0:01:09]} 28. Bh5+ {[%emt 0:04:15]} Kf6 {[%emt 0:03:15]} 29. f4 {[%emt 0:00:15]} Bd5 {[%emt 0:01:57]} 30. Rc7 {[%emt 0:00:06]} Nc5 {[%emt 0:01:26]} 31. Bd1 {[%emt 0:01:27]} d2 {[%emt 0:00:53]} 32. Nc4 {[%emt 0:00:28]} Bxc4 {[%emt 0:01:37]} 33. bxc4 {[%emt 0:00:01]} Ne4 {[%emt 0:00:16]} 34. Rb7 {[%emt 0:02:06]} Rd6 {[%emt 0:00:06]} 35. g4 {[%emt 0:00:44]} Nc3 {[%emt 0:00:52]} 36. g5+ {[%emt 0:00:05]} Ke6 {[%emt 0:00:17]} 37. Ra1 {[%emt 0:00:03]} Nd3 {[%emt 0:00:11]} 38. Bf3 {[%emt 0:02:27]} Nxf4 {[%emt 0:01:08]} 39. Kg3 {[%emt 0:00:01]} Nd3 {[%emt 0:00:48]} 40. Kh4 {[%emt 0:00:15]} Ne1 {[%emt 0:02:01]} 41. Bh5 {[%emt 0:00:47]} Rd4+ {[%emt 0:00:20]} 42. Kg3 {[%emt 0:00:01]} f4+ {[%emt 0:00:29]} 43. Kf2 {[%emt 0:00:02]} Nd3+ {[%emt 0:00:26]} 44. Kf1 {[%emt 0:00:05]} Rd6 {[%emt 0:00:35]} 45. Bg4+ {[%emt 0:01:03]} Kf7 {[%emt 0:00:04]} 46. Bh5+ {[%emt 0:00:03]} Kf8 {[%emt 0:00:08]} 47. Ra3 {[%emt 0:00:18]} Ne4 {[%emt 0:00:52]} 48. Bg4 {[%emt 0:03:05]} Ng3+ {[%emt 0:00:35]} 49. Kg2 {[%emt 0:00:05]} Nc1 {[%emt 0:00:34]} 50. Bd1 {[%emt 0:00:38]} Nf5 {[%emt 0:00:52]} 51. Kf3 {[%emt 0:00:17]} Ne3 {[%emt 0:00:43]} 52. Rxe3 {[%emt 0:00:06]} fxe3 {[%emt 0:00:04]} 53. Kxe3 {[%emt 0:00:01]} Na2 {[%emt 0:00:16]} 54. c5 {[%emt 0:00:19]} bxc5 {[%emt 0:00:09]} 55. Rb3 {[%emt 0:04:05]} c4 {[%emt 0:00:53]} 56. Ra3 {[%emt 0:00:01]} Nb4 {[%emt 0:00:11]} 57. Ke2 {[%emt 0:00:01]} Rd4 {[%emt 0:00:28]} 58. Rf3+ {[%emt 0:00:17]} Kg7 {[%emt 0:00:20]} 59. Rf5 {[%emt 0:00:01]} c3 {[%emt 0:01:32]} 0-1

[Event "Norm Congress-GM 2019"]
[Site "Saint Louis"]
[Date "2019.05.18"]
[Round "4.2"]
[White "Jacobson, Brandon"]
[Black "Abrahamyan, Tatev"]
[Result "1-0"]
[WhiteElo "2503"]
[BlackElo "2373"]
[Annotator "RC"]
[PlyCount "133"]
[EventDate "2019.05.16"]
[EventType "tourn"]
[EventCountry "USA"]
[SourceTitle "playchess.com"]
[Source "ChessBase"]
[SourceQuality "1"]
[TimeControl "5400+30"]

1. e4 {[%emt 0:02:47]} e6 {[%emt 0:00:00]} 2. d4 {[%emt 0:00:09]} d5 {[%emt 0:00:00]} 3. Nc3 {[%emt 0:00:05]} Bb4 {[%emt 0:00:00]} 4. e5 {[%emt 0:00:03]} b6 {[%emt 0:02:33]} 5. a3 {[%emt 0:00:11]} Bxc3+ {[%emt 0:00:13]} 6. bxc3 {[%emt 0:00:05]} Qd7 {[%emt 0:00:04]} 7. Qg4 {[%emt 0:00:03]} f5 {[%emt 0:00:20]} 8. Qg3 {[%emt 0:00:04]} Ba6 {[%emt 0:02:04]} 9. Bxa6 {[%emt 0:00:06]} Nxa6 {[%emt 0:00:02]} 10. Ne2 {[%emt 0:00:05]} h6 {[%emt 0:01:13]} 11. h4 {[%emt 0:00:22]} Kf7 {[%emt 0:00:44]} 12. a4 {[%emt 0:06:36]} Ne7 {[%emt 0:04:04]} 13. h5 {[%emt 0:11:31]} c5 {[%emt 0:07:56]} 14. Rh3 {[%emt 0:20:20]} Rac8 {[%emt 0:07:40]} 15. Qd3 {[%emt 0:21:05]} Nb8 {[%emt 0:03:13]} 16. Rf3 {[%emt 0:04:45]} Nbc6 {[%emt 0:10:06]} 17. Rb1 {[%emt 0:00:01]} Ke8 {[%emt 0:11:55]} 18. g4 {[%emt 0:01:40]} fxg4 {[%emt 0:01:12]} 19. Rf4 {[%emt 0:05:50]} Nf5 {[%emt 0:01:07]} 20. Be3 {[%emt 0:12:31]} Nce7 {[%emt 0:08:59]} 21. a5 {[%emt 0:01:42]} Qc6 {[%emt 0:14:00]} 22. axb6 {[%emt 0:07:52]} axb6 {[%emt 0:01:48]} 23. Qa6 {[%emt 0:00:02]} Rb8 {[%emt 0:04:54]} 24. dxc5 {[%emt 0:00:53]} Nxe3 {[%emt 0:07:16]} 25. fxe3 {[%emt 0:00:01]} Qxc5 {[%emt 0:00:12]} 26. Kd2 {[%emt 0:00:02]} Nf5 {[%emt 0:02:35]} 27. Nd4 {[%emt 0:00:28]} Rc8 {[%emt 0:01:14]} 28. Qd3 {[%emt 0:01:57]} Ke7 {[%emt 0:05:07]} 29. Rb5 {[%emt 0:01:36]} Qc7 {[%emt 0:00:21]} 30. Nxe6 {[%emt 0:01:31]} Qxe5 {[%emt 0:00:20]} 31. Rxb6 {[%emt 0:00:31]} Nd6 {[%emt 0:00:32]} 32. Rxg4 {[%emt 0:00:32]} Qxe6 {[%emt 0:02:19]} 33. Rxg7+ {[%emt 0:00:14]} Kf8 {[%emt 0:00:25]} 34. Rg6 {[%emt 0:00:15]} Ne4+ {[%emt 0:00:22]} 35. Kc1 {[%emt 0:00:01]} Qe7 {[%emt 0:00:59]} 36. Qa6 {[%emt 0:00:33]} Re8 {[%emt 0:01:16]} 37. Rbe6 {[%emt 0:01:15]} Qf7 {[%emt 0:00:42]} 38. Qa3+ {[%emt 0:00:38]} Re7 {[%emt 0:00:03]} 39. Qa8+ {[%emt 0:00:22]} Re8 {[%emt 0:00:22]} 40. Qa3+ {[%emt 0:00:36]} Re7 {[%emt 0:00:03]} 41. Qa8+ {[%emt 0:00:02]} Re8 {[%emt 0:00:05]} 42. Rxe8+ {[%emt 0:00:02]} Qxe8 {[%emt 0:00:07]} 43. Qxd5 {[%emt 0:00:02]} Ng5 {[%emt 0:02:14]} 44. Qc5+ {[%emt 0:02:01]} Qe7 {[%emt 0:00:22]} 45. Qc8+ {[%emt 0:00:12]} Qe8 {[%emt 0:00:03]} 46. Qc5+ {[%emt 0:00:41]} Qe7 {[%emt 0:00:02]} 47. Qc8+ {[%emt 0:00:27]} Qe8 {[%emt 0:00:01]} 48. Qf5+ {[%emt 0:00:07]} Nf7 {[%emt 0:00:12]} 49. Re6 {[%emt 0:00:54]} Qd7 {[%emt 0:02:30]} 50. Qc5+ {[%emt 0:00:34]} Kg7 {[%emt 0:00:09]} 51. Re7 {[%emt 0:00:33]} Qg4 {[%emt 0:00:45]} 52. Qe5+ {[%emt 0:00:17]} Kg8 {[%emt 0:00:10]} 53. Qb8+ {[%emt 0:00:29]} Kg7 {[%emt 0:00:05]} 54. Qe5+ {[%emt 0:00:44]} Kg8 {[%emt 0:00:06]} 55. Qb8+ {[%emt 0:00:31]} Kg7 {[%emt 0:00:03]} 56. Rxf7+ {[%emt 0:00:31]} Kxf7 {[%emt 0:00:04]} 57. Qxh8 {[%emt 0:00:03]} Qxh5 {[%emt 0:00:38]} 58. c4 {[%emt 0:00:34]} Qh1+ {[%emt 0:01:09]} 59. Kb2 {[%emt 0:00:06]} h5 {[%emt 0:00:02]} 60. e4 {[%emt 0:01:14]} h4 {[%emt 0:01:23]} 61. Qh5+ {[%emt 0:00:02]} Ke7 {[%emt 0:00:24]} 62. Qe5+ {[%emt 0:00:12]} Kf7 {[%emt 0:00:29]} 63. c5 {[%emt 0:00:28]} h3 {[%emt 0:01:34]} 64. c6 {[%emt 0:00:27]} h2 {[%emt 0:00:12]} 65. c7 {[%emt 0:00:49]} Qe1 {[%emt 0:00:00]} 66. Qd5+ {[%emt 0:00:53]} Kg7 {[%emt 0:00:26]} 67. Qd4+ {[%emt 0:00:06]} 1-0